000 00505nam a2200205Ia 4500
005 20250923150427.0
008 008 250917s9999 xx 000 0 eng d
037 _aTextual
040 _aDSWL
_beng
_cDSWL
041 _aeng
_2eng
084 _qDSWL
245 0 _aGender inclusion in India
_cEd.by S Hussain
260 _aDelhi
_b Aakar Books
_c2021
300 _a284 p.
365 _aINR
_b695
650 _aS Tabassum
_9845845
925 _g695
942 _cTEXL
999 _c1463333
_d1463333